[Event "Capablanca Mem Elite"]
[Site "Havana CUB"]
[Date "2003.05.15"]
[Round "9"]
[White "Zapata,A"]
[Black "Arencibia,W"]
[Result "1-0"]
[WhiteElo "2543"]
[BlackElo "2520"]

1.e4 e6 2.d4 d5 3.Nd2 Be7 4.c3 c5 5.dxc5 Bxc5 6.Nb3 Bb6 7.exd5 exd5 8.Nf3 Nc6
9.Nfd4 Nf6 10.Be2 O-O 11.O-O Re8 12.Re1 Bd7 13.h3 Ne4 14.Be3 Qf6 15.a4 a6
16.Bg4 Bxg4 17.hxg4 Ne5 18.f3 Nd6 19.Qc2 Ndc4 20.Bf2 g6 21.Rad1 Rac8 22.Nd2 Nxd2
23.Qxd2 Nc4 24.Qc1 Bc5 25.b3 Rxe1+ 26.Rxe1 Ne5 27.Qd2 Nd7 28.g5 Qd8 29.f4 Qc7
30.g3 Bf8 31.Ne2 Qc6 32.Rd1 Qe6 33.c4 Nc5 34.cxd5 Qe4 35.d6 Nxb3 36.Qd3 Qe6
37.d7 Rd8 38.Nd4 Nxd4 39.Qxd4 b5 40.Qd5 Qg4 41.axb5 axb5 42.Rd3 Qe2 43.Rd2 Qe7
44.Qxb5 Qa3 45.Qd5 Bb4 46.Re2 Qa4 47.Qd4 Qxd7 48.Qxb4 h5 49.gxh6 Kh7 50.Qc3 Kxh6
51.Qf6 Qd1+ 52.Re1 Qd7 53.f5 Re8 54.Qh4+  1-0

[Event "TCh-Serbia & Montenegro"]
[Site "Budva YUG"]
[Date "2003.05.18"]
[Round "1"]
[White "Vuckovic,Bo"]
[Black "Drasko,M"]
[Result "0-1"]
[WhiteElo "2495"]
[BlackElo "2491"]

1.e4 e6 2.d4 d5 3.Nd2 Be7 4.Ngf3 Nf6 5.Bd3 c5 6.e5 Nfd7 7.c3 b6 8.Qe2 a5
9.O-O Ba6 10.Bxa6 Nxa6 11.c4 Nc7 12.a4 O-O 13.b3 Qc8 14.Bb2 Qb7 15.Rac1 Rad8
16.Rc2 Nb8 17.Ba3 Nca6 18.cxd5 Rxd5 19.dxc5 Bxc5 20.Bb2 Rfd8 21.Ne4 Qd7 22.Rd2 Nb4
23.Rfd1 Nd3 24.Bd4 Bxd4 25.Rxd3 Nc6 26.Nd6 Bxe5 27.Rxd5 exd5 28.Nb5 Bf6 29.g3 d4
30.Ne1 Qd5 31.Qc4 Qxc4 32.bxc4 Ne5 33.Na3 Be7 34.f4 Bxa3 35.fxe5 Rc8 36.Nc2 Bc5
37.Kg2 Re8 38.Kf3 Rxe5 39.Nxd4 g6 40.Rd3 Re8 41.Nb3 Bf8 42.Rd7 Rc8 43.Rd4 Bg7
44.Rd6 Rxc4 45.Rxb6 Rxa4 46.Nc5 Ra3+ 47.Ke4 Bc3 48.Kd5 Bb4 49.Ne4 Rd3+ 50.Kc4 Re3
51.Nf6+ Kg7 52.Nd5 Re2 53.Nxb4 axb4 54.Rxb4 Re4+ 55.Kc3 Rxb4 56.Kxb4 Kf6
57.Kc4 Kf5  0-1

[Event "22nd Mitropa Cup"]
[Site "Pula CRO"]
[Date "2003.05.18"]
[Round "2"]
[White "Lenic,L"]
[Black "Erdos,V"]
[Result "1/2-1/2"]
[WhiteElo "2399"]
[BlackElo "2425"]

1.e4 e6 2.d4 d5 3.Nd2 Be7 4.Bd3 c5 5.dxc5 Nf6 6.Qe2 O-O 7.Ngf3 a5 8.O-O Na6
9.exd5 exd5 10.Bxa6 Rxa6 11.Nd4 Re8 12.Qb5 Qc7 13.N2f3 Bd7 14.c6 Bxc6 15.Nxc6 Rxc6
16.Nd4 Rc4 17.c3 Bd6 18.h3 h6 19.a4 Bc5 20.Be3 Ba7 21.Rfe1 Re4 22.f3 Re8
23.Bf2 Rc8 24.Nf5 Bxf2+ 25.Kxf2 Kh8 26.Ne3 Rf4 27.Nxd5 Nxd5 28.Qxd5 Qb6+
29.Kg3 Rd8 30.Qb5 Qf6 31.Re8+ Rxe8 32.Qxe8+ Kh7 33.Qe2 Qd6 34.Kf2 g6 35.Rd1 Qc6
36.Qb5 Rxa4 37.Qxc6 bxc6 38.Ke3 Ra2 39.Rd2 a4 40.Kd3 a3 41.bxa3 Rxa3 42.Kc4 Ra5
43.g4 Ra1 44.Rd3 Rh1 45.Kc5 Rxh3 46.c4 h5 47.gxh5 gxh5 48.Kxc6 Rh1 49.Kd6 Kg6
50.c5 h4 51.c6 h3 52.c7 Rc1 53.Rd2 Kg5 54.Rd5+ f5 55.Rc5 Rxc5 56.Kxc5 h2
57.c8=Q h1=Q 58.Qd8+  1/2-1/2

[Event "22nd Mitropa Cup"]
[Site "Pula CRO"]
[Date "2003.05.22"]
[Round "6"]
[White "Laznicka,V"]
[Black "Erdos,V"]
[Result "1-0"]
[WhiteElo "2438"]
[BlackElo "2425"]

1.e4 e6 2.d4 d5 3.Nd2 Be7 4.Bd3 c5 5.dxc5 Nd7 6.exd5 exd5 7.Nb3 Nxc5 8.Nf3 Nf6
9.Nxc5 Bxc5 10.Qe2+ Be7 11.Bb5+ Bd7 12.O-O O-O 13.Bxd7 Qxd7 14.Bg5 Rfe8 15.Qd3 h6
16.Bh4 Rad8 17.Rad1 Ne4 18.Bxe7 Qxe7 19.Rfe1 Qc5 20.Re2 Qa5 21.a3 Nf6 22.c3 Rxe2
23.Qxe2 Re8 24.Qd3 Qb6 25.Rd2 Re4 26.Kf1 Qc7 27.Re2 a6 28.g3 Qc8 29.Nd4 Qh3+
30.Kg1 Qd7 31.f3 Re8 32.Kg2 Qd8 33.Kf2 Qd7 34.Ke1 Qd6 35.Kd2 Qd7 36.Rxe8+ Qxe8
37.Qf5 Qd8 38.Qf4 Ne8 39.Qe5 g6 40.g4 Nc7 41.h4 Qd7 42.h5 Nb5 43.hxg6 Nxd4
44.Qxd4 fxg6 45.c4 Kf7 46.g5 Qe7 47.gxh6 Qg5+ 48.Kc3 Qxh6 49.Qxd5+ Kf8 50.Qxb7 Qc1+
51.Kb3 Qd1+ 52.Ka2 Qd6 53.Qd5 Qc7 54.Qa8+ Kg7 55.Qxa6 Qf4 56.Qb7+ Kf6 57.Qd5 g5
58.c5 g4 59.fxg4 Qxg4 60.c6  1-0

[Event "TCh-RUS"]
[Site "Togliatti RUS"]
[Date "2003.05.23"]
[Round "8"]
[White "Rublevsky,S"]
[Black "Morozevich,A"]
[Result "1-0"]
[WhiteElo "2670"]
[BlackElo "2678"]

1.e4 e6 2.d4 d5 3.Nd2 Be7 4.Ngf3 Nf6 5.Bd3 c5 6.e5 Nfd7 7.c3 Nc6 8.O-O g5
9.dxc5 Ndxe5 10.Nxe5 Nxe5 11.Bb5+ Bd7 12.Bxd7+ Nxd7 13.b4 b6 14.c4 dxc4 15.Nxc4 bxc5
16.Nd6+ Bxd6 17.Qxd6 Qb6 18.Qg3 cxb4 19.Qxg5 Qc5 20.Qg3 Nb6 21.Be3 Qe7 22.Rac1 Nd5
23.Bc5 Qd7 24.Qg7 O-O-O 25.Bf8+ Kb7 26.Qxh8 Qe8 27.Qxh7 Qxf8 28.Rfd1 a5 29.h4 Kb6
30.Qd3 Qh8 31.g3 Qb2 32.a4  1-0

[Event "TCh-RUS"]
[Site "Togliatti RUS"]
[Date "2003.05.24"]
[Round "9"]
[White "Kobalia,M"]
[Black "Ivanov,Se"]
[Result "1-0"]
[WhiteElo "2639"]
[BlackElo "2557"]

1.e4 e6 2.d4 d5 3.Nd2 Be7 4.e5 c5 5.Qg4 Kf8 6.dxc5 Nc6 7.Qg3 h5 8.Nb3 Nh6
9.Nf3 a5 10.c3 a4 11.Nbd4 Bxc5 12.Bd3 Qb6 13.O-O Bd7 14.Be3 Nxd4 15.cxd4 Be7
16.Bg5 Bxg5 17.Qxg5 Nf5 18.Bxf5 exf5 19.Rac1 Qd8 20.Qf4 Rh6 21.Rc5 Ra5 22.Rfc1 Rc6
23.Qd2 Raxc5 24.Rxc5 Qc7 25.Qb4 Ke8 26.h4 b6 27.Rc3 Rc4 28.Rxc4 Qxc4 29.Qxc4 dxc4
30.Nd2 b5 31.a3 f4 32.Ne4 Ke7 33.f3 Bc6 34.Nc3 Ke6 35.Kf2 f6 36.d5+ Bxd5
37.exf6 gxf6 38.Nxb5 Ke5 39.Nc3 Bc6 40.Ke2 Bd7 41.Kd2 Be8 42.Ne2 Bg6 43.Nc3 Be8
44.Ne4 Kd4 45.Nxf6 Bg6 46.Nd7 Be8 47.Nf8 Bf7 48.Nh7 Bg6 49.Nf6 Ke5 50.Nd7+ Kd4
51.Nf6 Ke5 52.Nd7+ Kd4 53.Nb6 Be8 54.Na8 Bf7 55.Nc7 c3+ 56.bxc3+ Kc5 57.Kc2 Kb6
58.Na8+ Kc5 59.Kd2 Kc4 60.Nb6+ Kb3 61.Kd3 Kxa3 62.Ke4 Kb3 63.Nxa4 Kxa4 64.Kxf4 Kb3
65.g4 Kxc3 66.Ke5 Kc4 67.g5 Kc5 68.f4 Kc6 69.f5 Kd7 70.Kf6 Ke8 71.Kg7 Bc4
72.g6  1-0

[Event "CRO-Cup"]
[Site "Rabac CRO"]
[Date "2003.05.26"]
[Round "1"]
[White "Plenkovic,B"]
[Black "Glavas,D"]
[Result "0-1"]
[WhiteElo "2079"]
[BlackElo "2221"]

1.e4 e6 2.d4 d5 3.Nd2 Be7 4.Bd3 c5 5.dxc5 Nf6 6.Ngf3 dxe4 7.Nxe4 Nxe4 8.Bxe4 Qxd1+
9.Kxd1 Bxc5 10.Ke2 Nd7 11.Be3 Bxe3 12.Kxe3 Nc5 13.Rad1 Ke7 14.Rd2 Bd7 15.Ne5 Be8
16.f4 Nxe4 17.Kxe4 Rc8 18.Ke3 Rc7 19.Re1 Bb5 20.c4 Be8 21.Kd4 f6 22.Nf3 Bh5
23.b4 Bxf3 24.gxf3 Rd8+ 25.Ke3 Rxd2 26.Kxd2 Rxc4 27.Re4 Rxe4 28.fxe4 Kd6
29.h4 e5 30.f5 g6  0-1

[Event "TCh-NOR"]
[Site "Asker NOR"]
[Date "2003.05.31"]
[Round "4"]
[White "Djurhuus,R"]
[Black "Ostenstad,B"]
[Result "1-0"]
[WhiteElo "2475"]
[BlackElo "2446"]

1.e4 e6 2.d4 d5 3.Nd2 Be7 4.c3 dxe4 5.Nxe4 Nf6 6.Bd3 Nbd7 7.Nf3 c5 8.Nxc5 Bxc5
9.dxc5 Nxc5 10.Bb5+ Bd7 11.Be2 Ba4 12.Qxd8+ Rxd8 13.Be3 b6 14.Ne5 Ncd7 15.Nxd7 Rxd7
16.c4 O-O 17.b3 Bc6 18.f3 e5 19.Kf2 Nh5 20.Rhd1 Rfd8 21.Rxd7 Rxd7 22.a4 Nf4
23.Bxf4 exf4 24.a5 Kf8 25.axb6 axb6 26.Ra6 Rb7 27.c5 Ke7 28.Rxb6 Rxb6 29.cxb6 Kd6
30.Bd3 h6 31.Be4 Bb5 32.Bd5 f6 33.Bc4 Bc6 34.b4 g5 35.h3 Bb7 36.Bd3 Bc8 37.Bb5 Bb7
38.Ke1 f5 39.Ke2 h5 40.Be8 h4 41.b5 Kc5 42.Kd3 Kxb6 43.Bd7 g4 44.hxg4 Bxf3
45.gxf5 Bxg2 46.f6 Bd5 47.Kd4 Bf7 48.Ke4 h3 49.Bxh3 Kxb5 50.Kxf4 Kc5 51.Ke5 Bg6
52.Bf5 Bf7 53.Be6 Be8 54.Bb3 Bh5 55.Ba2 Bg6 56.Kf4 Kd4 57.Kg5 Be8 58.Kh6 Ke5
59.Kg7 Bh5 60.Bb1  1-0

[Event "4th IECC"]
[Site "Istanbul TUR"]
[Date "2003.05.31"]
[Round "2"]
[White "Solak,D"]
[Black "Lputian,S"]
[Result "1/2-1/2"]
[WhiteElo "2514"]
[BlackElo "2638"]

1.e4 e6 2.d4 d5 3.Nd2 Be7 4.c3 c5 5.dxc5 Bxc5 6.Nb3 Bb6 7.exd5 exd5 8.Qe2+ Ne7
9.Be3 O-O 10.Bxb6 axb6 11.Qd2 Nf5 12.Nf3 Re8+ 13.Be2 Qe7 14.Nc1 Nd6 15.O-O Nc4
16.Bxc4 dxc4 17.Re1 Be6 18.Ne2 Nd7 19.Nf4 Nc5 20.Nxe6 Nxe6 21.Qd5 Rac8 22.Nd4 Qc5
23.Qd7 Qc7 24.Qb5 Rcd8 25.Nxe6 Rxe6 26.Rxe6 fxe6 27.Re1 Qc5 28.Qxc5 bxc5
29.Kf1 Rd2 30.Re2  1/2-1/2

[Event "17th Open"]
[Site "Pula CRO"]
[Date "2003.06.01"]
[Round "1"]
[White "Kveinys,A"]
[Black "Dewenter,U"]
[Result "1-0"]
[WhiteElo "2539"]
[BlackElo "2166"]

1.e4 e6 2.d4 d5 3.Nd2 Nc6 4.Ngf3 Nf6 5.e5 Nd7 6.Be2 Be7 7.Nf1 O-O 8.Bf4 f6
9.exf6 Nxf6 10.Ne3 Bd6 11.Bg3 Ne7 12.Bxd6 cxd6 13.O-O Bd7 14.c4 Qb6 15.b3 Rac8
16.Rc1 Kh8 17.Bd3 Bc6 18.c5 dxc5 19.Rxc5 Nd7 20.Rc1 Rxf3 21.Qxf3 Rf8 22.Qh3  1-0

[Event "Golden Cleopatra"]
[Site "Cairo EGY"]
[Date "2003.06.02"]
[Round "2"]
[White "Lowis,M"]
[Black "Hassan,Say"]
[Result "0-1"]
[WhiteElo "2160"]
[BlackElo "2325"]

1.e4 e6 2.d4 d5 3.Nd2 Be7 4.Bd3 c5 5.c3 cxd4 6.cxd4 Nc6 7.Ne2 Qb6 8.O-O dxe4
9.Nxe4 Nf6 10.N4c3 O-O 11.h3 Nb4 12.Bb1 Bd7 13.a3 Nbd5 14.Qd3 g6 15.Ba2 Bc6
16.Bh6 Rfd8 17.Rfd1 Rac8 18.Bg5 Qc7 19.Rac1 Ng4 20.hxg4 Bxg5 21.Nxd5 exd5
22.Rc3 Qd7 23.Qf3 Re8 24.Nf4 Bxf4 25.Qxf4 Re4 26.Qh6 Rce8 27.Rh3 f6 28.g5 f5
29.Rf3 Qg7 30.Qxg7+ Kxg7 31.Rfd3 Re1+ 32.Kh2 Rxd1 33.Rxd1 Re2 34.Kg3 Rxb2
35.Bb1 Rb3+ 36.Kf4 Rxa3 37.Ke5 Ra1 38.Kd6 a5 39.Re1 Kf8 40.g4 fxg4 41.Ke6 a4
42.Kf6 a3 43.Re7 Rxb1 44.Rxh7 Ke8 45.Rh8+ Kd7 46.Ra8 g3 47.Kxg6 gxf2  0-1

[Event "4th IECC"]
[Site "Istanbul TUR"]
[Date "2003.06.05"]
[Round "6"]
[White "Brynell,S"]
[Black "Bartel,Mat"]
[Result "1/2-1/2"]
[WhiteElo "2538"]
[BlackElo "2443"]

1.e4 e6 2.d4 d5 3.Nd2 Be7 4.Bd3 c5 5.dxc5 Nd7 6.exd5 exd5 7.Nb3 Nxc5 8.Be3 Nxd3+
9.Qxd3 Nf6 10.Ne2 O-O 11.O-O a5 12.a4 b6 13.Nc3 Ba6 14.Nb5 Rc8 15.c3 Rc4
16.N3d4 Ne4 17.Rfd1 Nc5 18.Qc2 Ne6 19.Rd2 Qd7 20.Rad1 Nxd4 21.Nxd4 Bb7 22.Nf5 Bd8
23.b3 Rg4 24.Rd4 Rg6 25.Ng3 Bf6 26.R4d2 h5 27.Bd4 Bg5 28.Re2 h4 29.Nf5 Bc8
30.Ne3 Bf4 31.c4 Qh3 32.g3 dxc4 33.Nd5 Bd6 34.bxc4 Bg4 35.Re3 Bxd1 36.Qxd1 hxg3
37.hxg3 Qg4 38.Qxg4 Rxg4 39.f4 Rg6 40.Kf2 Re6 41.Nxb6 Rd8 42.Rxe6 fxe6 43.Ke3 Kf7
44.c5 Bc7 45.Nc4 Rd5 46.Ke4 g5 47.Ne3 Rd8  1/2-1/2

[Event "4th IECC"]
[Site "Istanbul TUR"]
[Date "2003.06.05"]
[Round "6"]
[White "Jaracz,P"]
[Black "Lputian,S"]
[Result "0-1"]
[WhiteElo "2549"]
[BlackElo "2638"]

1.e4 e6 2.d4 d5 3.Nd2 Be7 4.e5 c5 5.Qg4 g6 6.dxc5 Nd7 7.Ngf3 Nxc5 8.Be2 Nh6
9.Qh3 Nf5 10.g4 Ng7 11.Qh6 Bf8 12.h4 Bd7 13.Rh3 Qc7 14.Qf4 f5 15.Nd4 fxg4
16.Rc3 Nh5 17.Qe3 Qd8 18.Nb5 Bxb5 19.Bxb5+ Kf7 20.Qd4 Qxh4 21.Rxc5 Bxc5 22.Qxc5 Rhc8
23.Qd4 Rxc2 24.Bd3 Rc7 25.Nf1 Qh3 26.Bg5 Ng7 27.Ng3 Nf5 28.Qf4 h6 29.Bxf5 gxf5
30.Bxh6 Kg6 31.Qg5+ Kh7 32.Nh5 Rac8 33.Nf6+ Kh8 34.Qe3 Rc2 35.Qxh3 gxh3 36.Kf1 Rxb2
37.Kg1 Rcc2 38.Be3 Rxa2 39.Rd1 f4 40.Bd4 Rd2 41.Rb1 b6 42.Kh1 Kg7 43.Bc3 Rxf2  0-1

[Event "4th IECC"]
[Site "Istanbul TUR"]
[Date "2003.06.05"]
[Round "6"]
[White "Jaracz,P"]
[Black "Lputian,S"]
[Result "0-1"]
[WhiteElo "2549"]
[BlackElo "2638"]

1.e4 e6 2.d4 d5 3.Nd2 Be7 4.e5 c5 5.Qg4 g6 6.dxc5 Nd7 7.Ngf3 Nxc5 8.Be2 Nh6
9.Qh3 Nf5 10.g4 Ng7 11.Qh6 Bf8 12.h4 Bd7 13.Rh3 Qc7 14.Qf4 f5 15.Nd4 fxg4
16.Rc3 Nh5 17.Qe3 Qd8 18.Nb5 Bxb5 19.Bxb5+ Kf7 20.Qd4 Qxh4 21.Rxc5 Bxc5 22.Qxc5 Rhc8
23.Qd4 Rxc2 24.Bd3 Rc6 25.Nf1 Qh3 26.Bg5 Ng7 27.Ng3 Nf5 28.Qf4 h6 29.Bxf5 gxf5
30.Bxh6  0-1

[Event "4th IECC"]
[Site "Istanbul TUR"]
[Date "2003.06.06"]
[Round "7"]
[White "Demir,G"]
[Black "Romero Holmes,A"]
[Result "0-1"]
[WhiteElo "2245"]
[BlackElo "2560"]

1.d4 e6 2.e4 d5 3.Nd2 Be7 4.Ngf3 Nf6 5.exd5 exd5 6.Bd3 Bg4 7.O-O O-O 8.Re1 Nc6
9.c3 Bd6 10.Nf1 Qd7 11.Ne3 Bh5 12.Nf5 Rfe8 13.Rxe8+ Rxe8 14.Nxd6 Qxd6 15.g3 Ne4
16.Kg2 Qf6 17.Be3 Ne7 18.Be2 Nf5 19.Bf4 Bxf3+ 20.Bxf3 Nh4+ 21.gxh4 Qxf4 22.Bxe4 dxe4
23.Qh5 Re6 24.Re1 Rg6+ 25.Kf1 Qxh2 26.Qf5 Qg2+ 27.Ke2 Qg4+ 28.Qxg4 Rxg4 29.Rh1 f5
30.c4 Kf7 31.b4 f4 32.b5 Kf6 33.Rh3 Rg2 34.Kf1 f3 35.Rg3 Rxg3 36.fxg3 e3
37.g4 h5  0-1

[Event "IV Open"]
[Site "Lido Estensi ITA"]
[Date "2003.06.07"]
[Round "2"]
[White "Shytaj,L"]
[Black "Drasko,M"]
[Result "0-1"]
[WhiteElo "2327"]
[BlackElo "2491"]

1.e4 e6 2.d4 d5 3.Nd2 Be7 4.Bd3 c5 5.dxc5 Nf6 6.Qe2 Nc6 7.Ngf3 a5 8.O-O O-O
9.c3 Re8 10.Rd1 Qc7 11.Bc2 a4 12.b4 axb3 13.Nxb3 Nxe4 14.Bxe4 dxe4 15.Qxe4 e5
16.Be3 Be6 17.Qc2 Ra3 18.c4 Rea8 19.Nbd2 f5 20.Nb1 R3a4 21.Nc3 Rxc4 22.Nd2 Rxc3
23.Qxc3 f4 24.Nb3 fxe3 25.Qxe3 Ra4 26.Qe2 e4 27.Rac1 Qe5 28.Re1 h5 29.Nd2 Bd5
30.Nc4 Qg5 31.Nb6 Nd4 32.Qd1 Nf3+ 33.Kh1 Nxe1 34.Qxd5+ Qxd5 35.Nxd5 Nd3 36.Nxe7+ Kf7
37.Rb1 Kxe7 38.Rxb7+ Kf6 39.g3 Rxa2  0-1

[Event "IEWCC"]
[Site "Istanbul TUR"]
[Date "2003.06.12"]
[Round "9"]
[White "Mkrtchian,L"]
[Black "Matveeva,S"]
[Result "1/2-1/2"]
[WhiteElo "2416"]
[BlackElo "2474"]

1.e4 e6 2.d4 d5 3.Nd2 Be7 4.Ngf3 Nf6 5.e5 Nfd7 6.Bd3 c5 7.c3 Nc6 8.O-O a5
9.Re1 cxd4 10.cxd4 Qb6 11.Nb1 Nxd4 12.Nxd4 Qxd4 13.Nc3 Qb6 14.Qg4 O-O 15.Bh6 g6
16.Bxf8 Bxf8 17.Na4 Qa7 18.Bb5 b6 19.Bxd7 Bxd7 20.Qd4 Bb4 21.Rec1 Bxa4 22.a3 Bc5
23.Qxa4 Bxf2+ 24.Kh1 Bc5 25.Rc2 Qb8 26.Re1 Qf8 27.Qc6 a4 28.Rf1 Qe8 29.Qb7 Rb8
30.Qa7 Ra8 31.Qb7 Rb8 32.Qa7 Ra8 33.Qb7  1/2-1/2

[Event "Master Open"]
[Site "Voronezh RUS"]
[Date "2003.06.13"]
[Round "2"]
[White "Tarasov,I"]
[Black "Zakhartsov,V"]
[Result "0-1"]
[WhiteElo "2276"]
[BlackElo "2515"]

1.e4 e6 2.d4 d5 3.Nd2 a6 4.Ngf3 c5 5.dxc5 Bxc5 6.Bd3 Nc6 7.a3 Nge7 8.O-O O-O
9.exd5 exd5 10.Nb3 Bd7 11.Re1 Nf5 12.Bf4 Qf6 13.Qc1 h6 14.c3 Be6 15.Qd2 d4
16.c4 g5 17.Bg3 Nxg3 18.hxg3 Rac8 19.Rac1 g4 20.Nh4 Ne5 21.Rxe5 Qxe5 22.Qxh6 Qg7
23.Qh5 Rfe8 24.Nf5 Bxf5 25.Bxf5 Re5 26.Qxg4 Rce8 27.Kf1 Re2 28.Qf4 d3  0-1

[Event "Master Open"]
[Site "Voronezh RUS"]
[Date "2003.06.16"]
[Round "4"]
[White "Kuznetsov,Vi2"]
[Black "Sambuev,B"]
[Result "1/2-1/2"]
[WhiteElo "2399"]
[BlackElo "2484"]

1.e4 e6 2.d4 d5 3.Nd2 Be7 4.Bd3 c5 5.dxc5 Nf6 6.exd5 exd5 7.Ngf3 O-O 8.O-O Bxc5
9.Nb3 Bb6 10.Bg5 h6 11.Bh4 Nc6 12.c3 Bg4 13.Re1 g5 14.Bg3 Ne4 15.Be2 f5 16.Nfd4 Bxe2
17.Qxe2 f4 18.f3 fxg3 19.fxe4 a5 20.Qh5 Qf6 21.exd5 a4 22.Rf1 gxh2+ 23.Qxh2 Nxd4
24.Rxf6 Nf3+ 25.Kh1 Nxh2 26.Rg6+ Kf7 27.Rxb6 axb3 28.Kxh2 bxa2 29.Rxb7+ Kf6
30.d6 Rfd8 31.Rb6 Ke6 32.d7+ Kxd7 33.Rxh6 Rdb8 34.b4 Re8 35.Rg6 Re3 36.Rxg5 Rxc3
37.Ra5 Rxa5 38.bxa5 Ra3 39.g3 Ke6 40.Kh3 Kf5 41.Kh4 Ra4+ 42.Kh5 Rxa5 43.g4+ Kf4+
44.Kh4 Ra8 45.Rf1+ Ke5 46.Ra1 Kf6 47.Kg3 Ra4 48.Kf3 Ke5 49.Ke3  1/2-1/2

[Event "Master Open"]
[Site "Voronezh RUS"]
[Date "2003.06.20"]
[Round "8"]
[White "Dvalishvili,P"]
[Black "Provotorov,I"]
[Result "1-0"]
[WhiteElo "2440"]
[BlackElo "2310"]

1.e4 e6 2.d4 d5 3.Nd2 Be7 4.e5 c5 5.Qg4 Kf8 6.dxc5 Nc6 7.Ngf3 f6 8.Qg3 Nxe5
9.Nxe5 fxe5 10.Qxe5 Nf6 11.Bd3 Bxc5 12.O-O Bd6 13.Qe2 Qc7 14.h3 Bd7 15.c4 Re8
16.b3 e5 17.cxd5 Qc3 18.Nc4 Qxa1 19.Nxd6 Re7 20.Ba3 Qd4 21.Nc4 e4 22.Re1 b5
23.Bxe4 Kf7 24.Bxe7  1-0

[Event "zt 3.2a w"]
[Site "Ho Chi Minh City VIE"]
[Date "2003.06.21"]
[Round "1"]
[White "Lin,Q"]
[Black "Le Thi Phuong Lien"]
[Result "0-1"]
[WhiteElo "2180"]
[BlackElo "2182"]

1.e4 e6 2.d4 d5 3.Nd2 a6 4.e5 c5 5.c3 Nc6 6.Ndf3 cxd4 7.cxd4 Be7 8.Bd3 f6
9.exf6 Nxf6 10.Ne2 O-O 11.O-O Qb6 12.a3 Bd6 13.Re1 e5 14.dxe5 Nxe5 15.Nxe5 Bxe5
16.h3 Ng4 17.Be3 Nxe3 18.fxe3 Qxe3+ 19.Kh1 Bxh3 20.Bxh7+ Kxh7 21.Qc2+ Bf5
22.Qc1 Qxc1 23.Raxc1 Bxb2 24.Rc5 d4 25.Ng3 Bg6 26.Rd5 Rad8 27.Ra5 Bc3  0-1

[Event "TCh-BIH"]
[Site "Jahorina BIH"]
[Date "2003.06.21"]
[Round "1"]
[White "Stojanovic,Da"]
[Black "Kosic,D"]
[Result "1-0"]
[WhiteElo "2404"]
[BlackElo "2502"]

1.e4 e6 2.d4 d5 3.Nd2 Be7 4.Bd3 c5 5.dxc5 Nf6 6.Qe2 Nc6 7.Ngf3 O-O 8.O-O Nb4
9.Nb3 a5 10.a4 Nxd3 11.cxd3 dxe4 12.dxe4 b6 13.Rd1 Qc7 14.Nfd4 bxc5 15.Nb5 Qc6
16.f3 e5 17.Be3 Be6 18.Nd2 Nd7 19.Nc4 Rfb8 20.b3 Bxc4 21.Qxc4 Nb6 22.Qc2 c4
23.Rac1 Bc5 24.Qe2 Bxe3+ 25.Qxe3 Rd8 26.Re1 Rac8 27.Na7  1-0

[Event "TCh-BIH"]
[Site "Jahorina BIH"]
[Date "2003.06.22"]
[Round "2"]
[White "Gavric,M"]
[Black "Drasko,M"]
[Result "1/2-1/2"]
[WhiteElo "2399"]
[BlackElo "2491"]

1.e4 e6 2.d4 d5 3.Nd2 Be7 4.Bd3 c5 5.dxc5 Nf6 6.Qe2 Nc6 7.Ngf3 a5 8.O-O O-O
9.a4 Nb4 10.Nb3 b6 11.e5 Nd7 12.c6 Nxc6 13.Nbd4 Ndxe5 14.Nxe5 Nxd4 15.Qh5 f5
16.Be3 Bc5 17.Rfe1 Qc7 18.c3 Nc6 19.Nxc6 Qxc6 20.Bd4 Bxd4 21.cxd4 Qd6 22.g4 Qf4
23.gxf5 exf5 24.Re7 Qxd4 25.Rc1 Be6 26.Rcc7 Rac8 27.Qe2 Rxc7 28.Qxe6+ Kh8
29.Qxf5 Rc1+ 30.Kg2 Qxf2+ 31.Qxf2 Rxf2+ 32.Kxf2 g6 33.Rd7 Ra1 34.Bb5 Ra2
35.Rxd5 Rxb2+ 36.Kg3 Kg7 37.h4 Kf6 38.Rd7 Rb3+ 39.Kf2 h5 40.Rd6+ Kf5 41.Be8 Rb4
42.Bxg6+ Ke5 43.Rd3 Rxa4 44.Rh3 Ra2+ 45.Ke1 a4 46.Bxh5 a3 47.Kd1 b5 48.Kc1 b4
49.Bf7 Rf2 50.Bb3 a2 51.Bxa2 Rxa2 52.h5 Ra7 53.h6 Rh7 54.Rh4  1/2-1/2

[Event "TCh-BIH"]
[Site "Jahorina BIH"]
[Date "2003.06.25"]
[Round "7"]
[White "Stojanovic,Da"]
[Black "Drasko,M"]
[Result "1/2-1/2"]
[WhiteElo "2404"]
[BlackElo "2491"]

1.e4 e6 2.d4 d5 3.Nd2 Be7 4.Bd3 c5 5.dxc5 Nf6 6.Qe2 Nc6 7.Ngf3 a5 8.O-O O-O
9.a4 Nb4 10.Nb3 b6 11.e5 Nd7 12.c6 Nxc6 13.Re1  1/2-1/2

[Event "zt 3.2a w"]
[Site "Ho Chi Minh City VIE"]
[Date "2003.06.26"]
[Round "7"]
[White "Siti,Z"]
[Black "Le Thi Phuong Lien"]
[Result "1-0"]
[WhiteElo "2055"]
[BlackElo "2182"]

1.e4 e6 2.d4 d5 3.Nd2 a6 4.Ngf3 c5 5.dxc5 Bxc5 6.Bd3 Ba7 7.O-O Nf6 8.Qe2 O-O
9.c4 Nc6 10.e5 Nh5 11.Nb3 g6 12.Bh6 Re8 13.g4 Ng7 14.Bg5 Qc7 15.Rac1 dxc4
16.Bxc4 b5 17.Bd3 Bb7 18.Be4 Rac8 19.Bf6 Qb8 20.Qd2 Re7 21.Qh6 Kf8 22.Qxg7+ Ke8
23.Bxc6+ Bxc6 24.Rfd1 Bd5 25.Rxc8+ Qxc8 26.Qg8+ Kd7 27.Rxd5+  1-0

[Event "Greenland Open"]
[Site "Qaqortoq GRL"]
[Date "2003.06.29"]
[Round "4"]
[White "Hjartarson,J"]
[Black "Nikolic,Pr"]
[Result "1/2-1/2"]
[WhiteElo "2634"]
[BlackElo "2643"]

1.e4 e6 2.d4 d5 3.Nd2 a6 4.Ngf3 c5 5.exd5 exd5 6.dxc5 Bxc5 7.Nb3 Bb6 8.Bd3 Qe7+
9.Qe2 Nc6 10.c3 Bg4 11.O-O Qxe2 12.Bxe2 Nf6 13.h3 Bh5 14.Bf4 h6 15.Rfe1 O-O-O
16.Ne5 Bxe2 17.Rxe2 Rhe8 18.Rae1 g5 19.Be3 Rxe5 20.Bxb6 Rde8 21.Be3 Nh5 22.Nc1 f5
23.Kf1 f4 24.Bc5 f3 25.gxf3 Nf4 26.Rxe5 Rxe5 27.Rxe5 Nxe5 28.Bd6 Neg6 29.Bxf4 Nxf4
30.Ne2 Nd3 31.b3 Kd7 32.Kg2 Ke6 33.Kg3 Ke5 34.Nd4 h5 35.Ne2 h4+ 36.Kg4 Kf6
37.f4 Nxf2+ 38.Kh5 gxf4 39.Nxf4 Kf5 40.Nxd5 Nxh3 41.Kxh4 Ng1 42.Kg3 Ke4 43.c4 Ne2+
44.Kf2 Nc1 45.Ke1 Kd3 46.Nb4+ Kc3 47.Kd1 Nxa2 48.Nxa2+ Kxb3 49.Nc1+  1/2-1/2

[Event "Greenland Open"]
[Site "Qaqortoq GRL"]
[Date "2003.06.30"]
[Round "9"]
[White "Stefansson,H"]
[Black "Nikolic,Pr"]
[Result "0-1"]
[WhiteElo "2565"]
[BlackElo "2643"]

1.e4 e6 2.d4 d5 3.Nd2 a6 4.Ngf3 c5 5.dxc5 Bxc5 6.Bd3 Ne7 7.O-O Nbc6 8.exd5 Nxd5
9.Ne4 Be7 10.c4 Nf6 11.Qe2 e5 12.h3 O-O 13.Rd1 Qc7 14.Bg5 Nh5 15.Nc3 Bxg5
16.Nxg5 Nf4 17.Bxh7+ Kh8 18.Qe4 Qe7 19.h4 f6 20.Nd5 Nxd5 21.cxd5 fxg5 22.dxc6 gxh4
23.Rd5 bxc6 24.Qd3 Rf4 25.Rd8+ Rf8 26.Rd6 Be6 27.Rxc6 Bd5 28.Qc2 Rad8 29.Rc7 Qf6
30.Re1 h3 31.Rc3 Bxg2 32.Be4 Qh6 33.Rce3 Rd4 34.Bxg2 hxg2 35.Kxg2 Rh4 36.Rg3 Rh2+
37.Kf1 Rh1+ 38.Rg1 Qh3+ 39.Ke2 Rxf2+  0-1

[Event "6th Open Vins du Mer"]
[Site "Naujac sur Mer FRA"]
[Date "2003.07.03"]
[Round "6"]
[White "Pilgaard,K"]
[Black "Teske,H"]
[Result "1/2-1/2"]
[WhiteElo "2440"]
[BlackElo "2524"]

1.e4 e6 2.d4 d5 3.Nd2 Be7 4.Bd3 dxe4 5.Nxe4 Nd7 6.Nf3 Ngf6 7.c3 b6 8.Nxf6+ Bxf6
9.Be4 Rb8 10.Qa4 Bb7 11.Bxb7 Rxb7 12.Qc6 Qc8 13.O-O O-O  1/2-1/2

[Event "32nd TCh-GRE"]
[Site "Kallithea Chalkidiki GRE"]
[Date "2003.07.04"]
[Round "1"]
[White "Nikolaidis,K"]
[Black "Skalkotas,N"]
[Result "1-0"]
[WhiteElo "2315"]
[BlackElo "2285"]

1.e4 e6 2.d4 d5 3.Nd2 Nc6 4.Ngf3 Nf6 5.e5 Nd7 6.Bb5 Ncb8 7.Bd3 c5 8.c3 Nc6
9.O-O Qb6 10.dxc5 Nxc5 11.Bc2 Be7 12.Re1 a5 13.Nb3 Nxb3 14.axb3 Rb8 15.Ra4 Bc5
16.Re2 h6 17.Rg4 Bf8 18.Rh4 Qc7 19.g4 g6 20.Nd4 Bd7 21.Bf4 Nxd4 22.Qxd4 Bb5
23.Re1 Bc5 24.Qd2 d4 25.Rxh6 Rxh6 26.Bxh6 Rd8 27.Be4 dxc3 28.Qxc3 Qb6 29.Be3 Bxe3
30.Qxe3 Qxe3 31.Rxe3 b6 32.Rc3 Rd4 33.Bf3 Bd3 34.Kg2 Be4 35.h4  1-0

[Event "31st World Open"]
[Site "Philadelphia USA"]
[Date "2003.07.04"]
[Round "5"]
[White "Gersov,E"]
[Black "Stancil,K"]
[Result "1/2-1/2"]
[WhiteElo "2339"]
[BlackElo "2043"]

1.e4 e6 2.d4 d5 3.Nd2 Be7 4.c3 c5 5.exd5 Qxd5 6.Ngf3 Nc6 7.Bc4 Qh5 8.dxc5 Qxc5
9.Qe2 Nf6 10.Ne4 Nxe4 11.Qxe4 Bf6 12.Be3 Qe7 13.Rd1 O-O 14.h4 Rd8 15.h5 Rxd1+
16.Kxd1 Qd6+ 17.Bd3 h6 18.Kc2 b6 19.Rd1 Bb7 20.Qh7+ Kf8 21.Kb1 Rc8 22.Bc2 Qc7
23.Ba4 Rd8 24.Rxd8+ Qxd8 25.Qe4 Qd6 26.Bc2 Na5 27.Qg4 Qd5 28.Qf4 e5 29.Qb4+ Be7
30.Qa4 Bc6 31.Qg4 Bd7  1/2-1/2

[Event "25th Open"]
[Site "Oberwart AUT"]
[Date "2003.07.05"]
[Round "1"]
[White "Manik,M"]
[Black "Steininger,F"]
[Result "1-0"]
[WhiteElo "2471"]
[BlackElo "2211"]

1.e4 e6 2.d4 d5 3.Nd2 Nc6 4.Ngf3 Nf6 5.e5 Nd7 6.Bb5 a5 7.O-O Na7 8.Bd3 c5
9.c4 Nc6 10.Nb3 dxc4 11.Bxc4 cxd4 12.Bf4 Nb6 13.Bd3 Nd5 14.Bg3 Bd7 15.Nfxd4 Qb6
16.Be4 a4 17.Nxc6 bxc6 18.Nd4 a3 19.b3 Bb4 20.Nf3 Ne3 21.fxe3 Qxe3+ 22.Kh1 Qxe4
23.Ng5 Qg6 24.Nxf7 O-O 25.Qxd7 Rxf7 26.Qxc6 Raf8 27.Rxf7 Rxf7 28.Qc4 Be7
29.b4 h5 30.b5 h4 31.b6 hxg3 32.b7 Rf8 33.Rf1 Rd8 34.Qc8 Kh7 35.Qxd8 Bxd8
36.b8=Q Qh5 37.h3 Qe2 38.Qb1+ Kh6 39.Rf8 Bb6 40.Qxb6 Qe1+ 41.Qg1  1-0

[Event "31st World Open"]
[Site "Philadelphia USA"]
[Date "2003.07.05"]
[Round "7"]
[White "Zatonskih,A"]
[Black "Kiriakov,P"]
[Result "1/2-1/2"]
[WhiteElo "2423"]
[BlackElo "2553"]

1.e4 e6 2.d4 d5 3.Nd2 a6 4.Ngf3 c5 5.exd5 exd5 6.dxc5 Bxc5 7.Nb3 Bb6 8.Bd3 Qe7+
9.Be2 Nf6 10.O-O O-O 11.Bg5 h6 12.Bh4 g5 13.Bg3 Ne4 14.Bxb8 Rxb8 15.c3 Be6
16.Nfd4 Qf6 17.Bd3 Rbe8 18.Bc2 Bc8 19.Qd3 Qg7 20.Rad1  1/2-1/2